Central Library OPAC University of Rajshahi

Experiment in industrial democracy: (Record no. 15923)

MARC details
000 -LEADER
fixed length control field 01017cam a22003011 4500
001 - CONTROL NUMBER
control field 15923
003 - CONTROL NUMBER IDENTIFIER
rucl marc code BD-RjUL
005 - DATE AND TIME OF LATEST TRANSACTION
control field 20211208235919.0
008 - FIXED-LENGTH DATA ELEMENTS--GENERAL INFORMATION
fixed length control field 140211s1968 enk b 001 0 eng d
035 ## - SYSTEM CONTROL NUMBER
System control number (BD-RjUL)15978
040 ## - CATALOGING SOURCE
Original cataloging agency DLC
Transcribing agency DLC
Modifying agency DLC
-- BD-RjUL
Language of cataloging eng
041 ## - LANGUAGE CODE
Language code of text/sound track or separate title eng
082 00 - DEWEY DECIMAL CLASSIFICATION NUMBER
Classification number 658.31520942
Author mark and year FLE 1968
100 1# - MAIN ENTRY--PERSONAL NAME
Personal name Flanders, Allan
9 (RLIN) 8512
245 10 - TITLE STATEMENT
Title Experiment in industrial democracy:
Remainder of title a study of the John Lewis Partnership /
Statement of responsibility, etc. Allan Flanders, Ruth Pomeranz, Joan Woodward, assisted by B. J. Rees.
260 ## - PUBLICATION, DISTRIBUTION, ETC. (IMPRINT)
Place of publication, distribution, etc. London :
Name of publisher, distributor, etc. Faber,
Date of publication, distribution, etc. c1968
300 ## - PHYSICAL DESCRIPTION
Pagination 261 p. :
Size 22 cm.
350 ## - PRICE (NR) (BK AM CF MU VM SE) [OBSOLETE]
Price 45/-
490 0# - SERIES STATEMENT
Series statement Society today and tomorrow
504 ## - BIBLIOGRAPHY, ETC. NOTE
Bibliography, etc Bibliographical footnotes.
610 20 - SUBJECT ADDED ENTRY--CORPORATE NAME
Corporate name or jurisdiction name as entry element John Lewis Partnership, ltd.
650 #0 - SUBJECT ADDED ENTRY--TOPICAL TERM
Topical term or geographic name as entry element Profit-sharing
Geographic subdivision Great Britain
Form subdivision Case studies.
9 (RLIN) 49352
700 1# - ADDED ENTRY--PERSONAL NAME
Personal name Pomeranz, Ruth,
Relator term joint author.
Personal name Woodward, Joan,
Dates associated with a name 1916-1971,
Relator term joint author.
942 ## - ADDED ENTRY ELEMENTS (KOHA)
Source of classification or shelving scheme Dewey Decimal Classification
Koha item type Books
Holdings
Lost status Source of classification or shelving scheme Damaged status Not for loan Collection code Permanent Location Current Location Shelving location Date acquired Source of acquisition Cost, normal purchase price Total Checkouts Full call number Date last seen Copy number Koha item type
  Dewey Decimal Classification   Not For Loan Non-fiction Central Library, University of Rajshahi Central Library, University of Rajshahi Reading Room 29/12/1971 Zeitlinger 45.00   658.31520942 FLE 1968 11/02/2014 C-1 Books
  Dewey Decimal Classification     Non-fiction Central Library, University of Rajshahi Central Library, University of Rajshahi   29/12/1971 Zeitlinger     658.31520942 FLE 1968 15/02/2014 C-2 Books